Statistiques concernant Pays dans un oeuf de la carte du monde

Cliquez ici pour prendre le quiz!

Statistiques générales

  • Ce quiz a été pris 20 306 fois
  • Le résultat moyen est 23 sur 27

Réponses sur la Carte

Les réponses sont colorées sur une échelle allant du rouge au vert en fonction du pourcentage des utilisateurs qui les ont devinées à leur premier essai. Vous pouvez retrouver ces pourcentages ci-dessous.
 

Statistiques - réponses

Pays% Correct
Égypte
98%
Arabie Saoudite
96%
Turquie
96%
Israël
92%
Libye
92%
Irak
91%
Iran
91%
Grèce
90%
Qatar
90%
Chypre
89%
Yémen
89%
Émirats arabes unis
88%
Soudan
88%
Oman
86%
Syrie
86%
Jordanie
85%
Somalie
85%
Soudan du Sud
84%
Liban
83%
Éthiopie
82%
Tchad
78%
Érythrée
77%
Koweït
77%
Niger
75%
Djibouti
74%
Bahreïn
70%
République Centrafricaine
66%

Distribution des résultats

Percentile par nombre de réponses

% des personnes avec chaque résultat

Votre développement - résultats

Vous n’avez pas pris ce quiz